Responses for Show #5279 - Thursday, July 19, 2007

2007 Teen Tournament Summer Games quarterfinal game 4.

Contestants

[<< previous game]

Kyle Neblett, a senior from Beaverton, Oregon

Tommy Maranges, a junior from Fort Lauderdale, Florida

Kristiana Henderson, a junior from Kent, Washington

[next game >>]

Jeopardy! Round responses

LET'S VISIT INDIA
CELEBS
WASHINGTON, LINCOLN OR GEORGE W. BUSH
SUMMERTIME
THE SHAPE OF THINGS
RHYME TIME
    $200 22
Buddhism

Kristiana
    $200 5
(Ryan) Seacrest

Kristiana
    $200 8
Washington

Kyle
    $200 26
woods

Tommy
    $200 9
oval

Kyle
    $200 14
a long song

Tommy
    $400 23
Great Britain

Kyle
    $400 19
David Beckham

Tommy
    $400 7
Lincoln

Kristiana
    $400 3
the Mediterranean

Tommy
    $400 10
a hexagon

Kyle
    $400 12
a goat coat

Kristiana
    $600 18
cricket

Tommy
    $600 29
(Sacha Baron) Cohen

Kyle
    $600 1
Bush

Kristiana
    $600 28
picnic

Kristiana
    $600 4
a triangle

Tommy
    $600 13
a stout Scout

Kyle
    $800 24
Gandhi

Kyle
    $800 30
Daniel Craig

Triple Stumper
    $800 2
Bush

Tommy
    $800 20
(Kyle: What is creek?)

a swimming hole

Kyle
Triple Stumper
    $800 11
a pyramid

Tommy
    $800 17
(Kristiana: What is a kilt skilt?)

a kilt quilt

Kristiana
Triple Stumper
    $1000 25
elephants

Kyle
    $1000 21
(Alex: You are correct, American Idol.)

Katharine McPhee

Kyle
    $1000 6
Lincoln

Kristiana
    $1000 27
(Kyle: What are Geniuses?)

the Gifted

KristianaKyle
    $2,800 15
(Tommy: What is a helia... what is a heliocase?)
(Alex: Sorry, Tommy... the correct response is "What is a double [*]?" A double [*].)

helix

Tommy
    $1000 16
a spider glider

Tommy

Scores at the first commercial break (after clue 15):

Kristiana Tommy Kyle
$2,600 $0 $1,400

Scores at the end of the Jeopardy! Round:

Kristiana Tommy Kyle
$3,600 $2,200 $3,400

Double Jeopardy! Round responses

NAME THAT PLANET
BE A SPORT
TEEN QUEENS
THE OLD TESTAMENT
LANGUAGE LAB
POSSIBLE SAT VOCABULARY
    $400 3
Saturn

Tommy
    $400 9
water polo

Kyle
    $400 18
the Tower of London

Kristiana
    $400 26
a pillar of salt

Tommy
    $400 22
Latin

Tommy
    $400 30
(Tommy: [In a crestfallen whisper] What is [*]?)
(Alex: That's it. You're going to be around to play in Final Jeopardy! I know that's no consolation for you, having missed on two of those Daily Doubles.)

increase

Tommy
    $800 5
Mars

Kyle
    $800 10
pentathlon

Kyle
    $800 25
Victoria

Kyle
    $800 2
Exodus

Kyle
    $800 20
German

Kyle
    $2,600 29
(Tommy: What is...)
(Alex: Hurry.)

a repertoire

Tommy
    $1200 6
Jupiter

Kyle
    $1200 11
speed skating

Tommy
    $1200 14
(Kyle: What is the Bahamas?)
(Tommy: What is Austria-Hungary?)

the Netherlands

KristianaTommyKyle
    $1200 24
Solomon

Tommy
    $1200 19
Chinese

Kristiana
    $1200 1
when it's starting to get dark

Triple Stumper
    $2,200 7
(Alex: [*], the closest to the Sun, correct.)

Mercury

Kyle
    $1600 12
(Tommy: What is billiards?)

Ping-Pong

Tommy
Triple Stumper
    $1600 15
Richelieu

Kyle
    $1600 23
Joseph

Kyle
    $1600 4
imperfect

Kyle
    $1600 28
a penitent

Tommy
    $2000 8
Neptune

Kyle
    $2000 17
volleyball

Triple Stumper
    $2000 16
(Kyle: What is Herculaneum?)

Naples

Kyle
Triple Stumper
    $2000 13
(Kristiana: Who was Ruth?)

Esther

Kristiana
Triple Stumper
    $2000 21
(Kristiana: What is Ireland?)
(Tommy: What is Irish?)

Gaelic

KristianaTommy
Triple Stumper
    $2000 27
(Kristiana: Um, what is, a plow?)

harrowing

Kristiana
Triple Stumper

Scores at the end of the Double Jeopardy! Round:

Kristiana Tommy Kyle
$400 $400 $14,800
(lock game)

Final Jeopardy! Round responses

THE 50 STATES
[Kristiana's response was revealed first.]
KristianaWhat is West Virginia?
$399
TommyWhat is West Virginia?
$400
KyleWhat is West Virginia?
$200
West Virginia

Final scores:

Kristiana Tommy Kyle
$799 $800 $15,000
3rd place: $5,000 if eliminated 2nd place: $5,000 if eliminated Automatic semifinalist

Game dynamics:

Coryat scores:

Kristiana Tommy Kyle
$400 $5,800 $14,200
11 R,
4 W
16 R,
5 W
(including 2 DDs)
21 R
(including 1 DD),
4 W

Combined Coryat: $20,400

[game clues] [game scores] [suggest correction]

Game tape date: 2007-03-12
The J! Archive is created by fans, for fans. Scraping, republication, monetization, and malicious use prohibited; this site may use cookies and collect identifying information. See terms. The Jeopardy! game show and all elements thereof, including but not limited to copyright and trademark thereto, are the property of Jeopardy Productions, Inc. and are protected under law. This website is not affiliated with, sponsored by, or operated by Jeopardy Productions, Inc. Join the discussion at JBoard.tv.